000 00704nam a2200217 a 4500
001 000002002
005 20240412074159.0
008 090630s2007 dr a 000 p spa d
040 _aDO-SdBNP
_bspa
_cBNPHU
082 _aRD861.5
_bF897e
100 1 _aFrias, Pochi,
_b1951-
_96480
245 1 0 _aEn mi ruta al infinito /
_cPochi Frias ; prólogo Arnol Ramsés Bachá Arbaje.
260 _aSanto Domingo :
_bNomara,
_c2007.
300 _a171 p. :
_bil. ;
_c21 cm.
500 _aIncluye índice
590 _aInventariado, 2019 / DG
650 0 _aLiteratura dominicana.
_967
650 0 _aPoesía dominicana
_966
700 1 _aBachá Arbaje, Arnol Ramsés
_epról.
_96481
910 _aJornada de catalogación
999 _c1868
_d1868